000 nam a22 a 4500
999 _c4328
_d4328
003 AKMAL
005 20170529085457.0
008 170529t1997 cc g 001 0 eng d
020 _a071729739X (hbk.)
040 _aAKMAL
082 0 4 _a658.3125 HUN
_222
090 0 0 _a658.3125
_bHUN
100 1 _aHunt, Nigel
_98430
245 1 0 _aConducting staff appraisals :
_bhow to manage the process for the benefit of both the organisation and its individual members /
_c[ Nigel Hunt]
250 _aDeluxe ed.
260 _aHong Kong :
_bGrolier Intl.Inc.,
_cc1997
300 _a160p. ;
_c24cm.
490 1 _aGrolier business library
504 _aIncludes bibliographical references and index
650 1 0 _aPersonnel management
_9602
650 2 0 _aEmployee performance appraisal
_98431
650 2 0 _aEmployees, Rating of
_vHandbooks, manuals, etc.
_98432
830 0 _aGrolier business library
_98353
942 _2ddc
_cBOOK
950 _lAKMAL